Diez pistas [juego] /

Guardado en:
Formato: Objeto Físico
Publicado: Argentina : Toyco, [200?]
Materias:
Etiquetas: Agregar Etiqueta
Sin Etiquetas, Sea el primero en etiquetar este registro!
LEADER 00668nrm a22001455g 4500
001 CEM.cems019442
008 130507b200?##################0###0#####d
005 20220830182713.0
245 0 0 |a Diez pistas [juego] /  |c Toyco 
260 |a Argentina :  |b Toyco,  |c [200?] 
300 |a 1 juego (1 tablero, 1 dado con colores, 16 p.eones de cuatro colores, 320 tarjetas de 4 temas diferentes) ; en caja 34 x 26 x 7 cm. + manual de instrucciones 
500 |a Para 2 a 4 jugadores a partir de 14 años objetivo: completar cuatro columnas de su sector en el tablero. 
082 0 4 |a J793.73 
653 |a 1. juegos de preguntas y respuestas 
859 |a CEMS  |b BIB. CEMS - Ludoteca  |h J793.73  |i T668  |p 293.03  |t Ej.1